01650nam a2200361 a 4500001001000000003000500010005001700015008004100032010001100073011001100084040000900095090001000104100003900114245019100153260004100344500006000385502011200445590004100557590004000598590004000638590004000678650004800718650005200766650003800818650005400856856007000910901000700980942001000987942000600997999001901003952013101022952013501153000113906CHAP20220329144418.0171005s2017 mx sm |||||||spa d a110367 a111339 cCHAP aTesis1 aSaucedo Rueda, Alma Lorena913365110aIdentificación y manejo químico de Fusarium sp. en crisantemo (Dendranthema x grandiflorum Ramat.) de Villa Guerrero, Estado de Méxicoh[En línea]cpor Alma Lorena Saucedo Rueda. aChapingo, Méx. :bEl autor,c2017. aPara ver el contenido del material haga clic en la liga aTesis (Ing. Agr. Esp. en en Parasitología Agrícola) -- UACH. Departamento de Parasitología Agrícola aE11695DGDb10c20171006lUCH01h1120 aE6339RRRb05c20171005lUCH01h1359 aE6339RRRb05c20171005lUCH01h1400 aE6339RRRb05c20171005lUCH01h140114aCrisantemoxEnfermedades por hongos.92895114aCrisantemoxFisiología y morfología.92895414aFungicidasxAplicación.912660414aHongos fitopatógenosxIdentificación.9131720 aFinding aiduhttp://10.13.5.2/tesis/sist113906.pdfzTeclea aquí aBK cTESIS n0 c110367d110367 00104054718TESISaBCbBCd2017-10-05fTESISl0oTesisp113908-10r2019-12-31 00:00:00w2019-12-31yTESISzRecien adquirido 00102local4053708TESISaBCbBCcPA_TESISd2017-10-05fTESISl0oTesisp113908-20r2019-12-31 00:00:00tc.2w2019-12-31yTESIS